| 000 | 01027nam a22003137a 4500 | ||
|---|---|---|---|
| 003 | CHAP | ||
| 005 | 20220329134031.0 | ||
| 008 | 971013s1952 r 00010 d | ||
| 010 | _a14416 | ||
| 011 | _a15388 | ||
| 035 | _a19464 | ||
| 040 | _cCHAP | ||
| 082 |
_a629.254 _bG6 |
||
| 100 | 0 | 0 |
_aGonzález Tapia, Susana. _949442 |
| 245 | _aFabricación de bujías | ||
| 260 |
_aMéxico, D.F. : _bBanco de México, _c1952 |
||
| 300 |
_a50 h. _b: ilus |
||
| 490 |
_aBanco de México. Informes preliminares _v; 28 |
||
| 590 |
_aBATCH-UPD _b10 _c20130110 _lUCH01 _h2212 |
||
| 590 |
_aBATCH-UPD _b10 _c20130410 _lUCH01 _h1514 |
||
| 590 |
_aBATCH-UPD _b10 _c20130914 _lUCH01 _h0754 |
||
| 590 |
_aCONVERSION _b10 _c20130109 _lUCH01 _h1309 |
||
| 650 | 1 | 4 |
_aBujías. _916014 |
| 830 | 0 |
_aBanco de México. Informes preliminares _v; 28 _99836 |
|
| 901 | _aBK | ||
| 942 | _cLIBRO | ||
| 949 |
_a629.254 G6 _bBC _cLIBRO _d33724000026373 _eLIBRO _h14083 _i19464 _mD _si |
||
| 949 |
_a629.254 G6 _bBC _cLIBRO _d33724000658332 _eLIBRO _fc.2 _h14084 _i19464 _mD _si |
||
| 999 |
_c14416 _d14416 |
||